A rat's tale / (Record no. 28)

MARC details
000 -LEADER
fixed length control field 01604cam a22004454a 4500
001 - CONTROL NUMBER
control field 28
003 - CONTROL NUMBER IDENTIFIER
control field FISKH
005 - DATE AND TIME OF LATEST TRANSACTION
control field 20230227134052.0
008 - FIXED-LENGTH DATA ELEMENTS--GENERAL INFORMATION
fixed length control field 080929t20081996nyua c 000 1 eng d
010 ## - LIBRARY OF CONGRESS CONTROL NUMBER
LC control number 2009655099
020 ## - INTERNATIONAL STANDARD BOOK NUMBER
International Standard Book Number 9780374400316 (pbk.) :
020 ## - INTERNATIONAL STANDARD BOOK NUMBER
International Standard Book Number 0374400318 (pbk.)
035 ## - SYSTEM CONTROL NUMBER
System control number (OCoLC)ocn259266782
035 ## - SYSTEM CONTROL NUMBER
System control number (OCoLC)259266782
040 ## - CATALOGING SOURCE
Original cataloging agency BTCTA
Transcribing agency BTCTA
Modifying agency ON8
-- DLC
-- FISKH
Language of cataloging eng
050 00 - LIBRARY OF CONGRESS CALL NUMBER
Classification number PZ7
Item number .S45526
082 00 - DEWEY DECIMAL CLASSIFICATION NUMBER
Classification number 813.54
Edition number 21
100 1# - MAIN ENTRY--PERSONAL NAME
Personal name Seidler, Tor.
245 12 - TITLE STATEMENT
Title A rat's tale /
Statement of responsibility, etc. Tor Seidler ; pictures by Fred Marcellino.
250 ## - EDITION STATEMENT
Edition statement Farrar, Straus and Giroux pbk. ed.
260 ## - PUBLICATION, DISTRIBUTION, ETC.
Place of publication, distribution, etc. [New York, NY] :
Name of publisher, distributor, etc. Farrar Straus Giroux,
Date of publication, distribution, etc. 2008, c1986.
300 ## - PHYSICAL DESCRIPTION
Extent 185 p.
Other physical details ill. ;
Dimensions 22 cm.
505 ## - FORMATTED CONTENTS NOTE
Formatted contents note Z
520 ## - SUMMARY, ETC.
Summary, etc. "Montague, an artistic young rat living beneath the streets of New York City, thinks he can do nothing to save his friends from extermination until he achieves a better understanding of both himself and his ne'er-do-well uncle"--Source other than Library of Congress.
521 ## - TARGET AUDIENCE NOTE
Target audience note 900 <br/>
Source Lexile
521 ## - TARGET AUDIENCE NOTE
Target audience note Z <br/>
Source Raz-Paz
650 #1 - SUBJECT ADDED ENTRY--TOPICAL TERM
Topical term or geographic name entry element Rats
Form subdivision Fiction.
650 #1 - SUBJECT ADDED ENTRY--TOPICAL TERM
Topical term or geographic name entry element Artists
Form subdivision Fiction.
650 #1 - SUBJECT ADDED ENTRY--TOPICAL TERM
Topical term or geographic name entry element Uncles
Form subdivision Fiction.
650 #1 - SUBJECT ADDED ENTRY--TOPICAL TERM
Topical term or geographic name entry element Self-perception
Form subdivision Fiction.
650 #0 - SUBJECT ADDED ENTRY--TOPICAL TERM
Topical term or geographic name entry element Rats
Form subdivision Juvenile fiction.
650 #0 - SUBJECT ADDED ENTRY--TOPICAL TERM
Topical term or geographic name entry element Artists
Form subdivision Juvenile fiction.
650 #0 - SUBJECT ADDED ENTRY--TOPICAL TERM
Topical term or geographic name entry element Uncles
Form subdivision Juvenile fiction.
650 #0 - SUBJECT ADDED ENTRY--TOPICAL TERM
Topical term or geographic name entry element Self-perception
Form subdivision Juvenile fiction.
651 #1 - SUBJECT ADDED ENTRY--GEOGRAPHIC NAME
Geographic name New York (N.Y.)
Form subdivision Fiction.
651 #0 - SUBJECT ADDED ENTRY--GEOGRAPHIC NAME
Geographic name New York (N.Y.)
Form subdivision Juvenile fiction.
700 1# - ADDED ENTRY--PERSONAL NAME
Personal name Marcellino, Fred,
Relator term ill.
906 ## - LOCAL DATA ELEMENT F, LDF (RLIN)
a 7
b cbc
c copycat
d 3
e ncip
f 20
g y-gencatlg
942 ## - ADDED ENTRY ELEMENTS (KOHA)
Source of classification or shelving scheme Library of Congress Classification
Koha item type Books
Suppress in OPAC No
Holdings
Withdrawn status Lost status Source of classification or shelving scheme Damaged status Not for loan Collection Home library Current library Shelving location Date acquired Total Checkouts Full call number Barcode Date last seen Date last checked out Price effective from Koha item type
    Library of Congress Classification     Fiction Footprints International School Library Network Toul Kork Campus Footprints International School Library Network Toul Kork Campus A TK Campus, 4th Floor, Room B401, Fiction Bookcases (1-6) 01/26/2023 1 SEI 813.54 PZ7.545526 2008 FISTK00038 09/13/2023 09/13/2023 01/26/2023 Books